000 01412nam a22002657a 4500
999 _c63164
_d63164
003 Ge_BSU
005 20250613173429.0
008 250613s2011 ge ||||| |||| 00| 0 geo d
020 _a 9789941435041
041 _ageo
080 _a631.52 ბ-96
100 _aბუკია, ზურაბ
_925417
245 _aმცენარის მორფოლოგიის, ბიოლოგიისა და სელექციის ზოგიერთი საკითხი /
_cზურაბ ბუკია,შოთა ლამპარაძე; რედ. ი. ჩხიკვიშვილი.
264 _aბათუმი :
_bალიონი,
_c 2011.
300 _a420 გვ.;
_b22 სმ.
504 _aბიბლიოგრ. გვ. 411-417
520 _aრეზიუმე ქართ და ინგლ. ენაზე
653 _aმცენარეთა მორფოლოგია
653 _aმცენარეთა ბიოლოგია
653 _aმცენარეთა სელექცია
700 _aლამპარაძე, შოთა
_eავტორი
_91795
700 _aჩხიკვიშვილი, ი.
_eრედაქტორი
_925418
856 _uhttps://iverieli.nplg.gov.ge/bitstream/1234/10266/1/Morfologia_Da_Sekeqcia.pdf
_yელ. ვერსია
942 _2udc
_cᲬᲘᲒᲜᲘ